[Event "Paris FRA"]
[Site "?"]
[Date "2004.07.08"]
[Round "6"]
[White "Apicella Manuel"]
[Black "Sandipan Chanda"]
[Result "1/2-1/2"]
[WhiteElo "2532"]
[BlackElo "2555"]
[PlyCount "103"]
[EventDate "2004.??.??"]
[Source "www.chesslib.no"]
[SourceDate "2004.05.04"]

1. d4 Nf6 2. Nf3 g6 3. Bf4 Bg7 4. e3 O-O 5. Be2 d6 6. h3 c5 7. c3 Nbd7 8. O-O b6 9. Nbd2 Bb7 10. a4 Qc7 11. Bh2 Rac8 12. a5 Ne4 13. Nxe4 Bxe4 14. Ng5 Bb7 15. axb6 axb6 16. Bf3 Bxf3 17. Nxf3 e5 18. Qa4 Nb8 19. d5 c4 20. Rfd1 Qc5 21. Ng5 h6 22. Ne4 Qc7 23. Qa7 Qxa7 24. Rxa7 Rfd8 25. Rda1 Bh8 26. g4 b5 27. Rb7 Nd7 28. Nxd6 Nc5 29. Nxc8 Nxb7 30. Ne7+ Kh7 31. e4 Nc5 32. Nc6 Rd7 33. f3 f5 34. Nxe5 Bxe5 35. Bxe5 fxe4 36. fxe4 Nxe4 37. d6 Kg8 38. Rf1 g5 39. Kg2 Rd8 40. Rd1 Kf7 41. Kf3 Nc5 42. Rd5 Nd7 43. Ke4 Rb8 44. Kf5 Rb6 45. Bd4 Rb8 46. Be5 Rb6 47. Bg3 b4 48. Bf2 Rb8 49. cxb4 Rxb4 50. Bd4 Rb3 51. Bc3 Rb6 52. Bd4 1/2-1/2

[Event "Belgrade"]
[Site "Belgrade"]
[Date "1994.??.??"]
[Round "6"]
[White "Ilincic, Zlatko"]
[Black "Spasov, Vasil"]
[Result "1/2-1/2"]
[WhiteElo "2555"]
[BlackElo "2525"]
[PlyCount "20"]
[EventDate "1994.??.??"]
[Source "ChessBase"]

1. d4 Nf6 2. Nf3 g6 3. Bf4 Bg7 4. Nbd2 c5 5. e3 b6 6. c3 Bb7 7. Be2 O-O 8. O-O d6 9. b3 Nbd7 10. a4 a6 1/2-1/2

[Event "Podolsk"]
[Site "?"]
[Date "1992.??.??"]
[Round "?"]
[White "Dreev Aleksey"]
[Black "Gufeld Eduard"]
[Result "1/2-1/2"]
[WhiteElo "2590"]
[BlackElo "2485"]
[PlyCount "38"]
[EventDate "1992.??.??"]
[Source "www.chesslib.no"]
[SourceDate "2004.05.04"]

1. d4 Nf6 2. Nf3 g6 3. Bf4 Bg7 4. e3 O-O 5. Be2 c5 6. c3 b6 7. O-O Ba6 8. Nbd2 Bxe2 9. Qxe2 Nc6 10. e4 cxd4 11. cxd4 d5 12. e5 Nh5 13. Be3 Qd7 14. Nh4 f5 15. f4 Bh6 16. Rf3 Rac8 17. Nb3 Nb4 18. Bd2 Qa4 19. Bxb4 Qxb4 1/2-1/2

[Event "Elista ol (Men)"]
[Site "Elista"]
[Date "1998.10.11"]
[Round "12"]
[White "Dorfman, Josif D"]
[Black "Macieja, Bartlomiej"]
[Result "1/2-1/2"]
[WhiteElo "2585"]
[BlackElo "2490"]
[PlyCount "36"]
[EventDate "1998.09.29"]
[Source "ChessBase"]
[SourceDate "1998.11.06"]

1. d4 Nf6 2. Nf3 g6 3. Bf4 Bg7 4. e3 O-O 5. Be2 b6 6. O-O Bb7 7. h3 d6 8. a4 a6 9. Bh2 Nbd7 10. c3 c5 11. Nbd2 Ne4 12. Nxe4 Bxe4 13. Nd2 Bb7 14. Re1 Qc7 15. Qb3 Qc6 16. Bf3 Qc7 17. Be2 Qc6 18. Bf3 Qc7 1/2-1/2

[Event "Ch Yugoslavia Open"]
[Site "Baden-Baden GER"]
[Date "1996.??.??"]
[Round "7"]
[White "Mitenkov, Alexey"]
[Black "Gulko, Boris F"]
[Result "1/2-1/2"]
[WhiteElo "2445"]
[BlackElo "2615"]
[PlyCount "102"]
[EventDate "1996.??.??"]
[Source "www.chesslib.no"]
[SourceDate "2004.05.04"]

1. d4 Nf6 2. Nf3 g6 3. Bf4 Bg7 4. e3 O-O 5. Bd3 d6 6. Nbd2 Nbd7 7. e4 Nh5 8. Bg5 h6 9. Bh4 Nf4 10. O-O c5 11. Nb3 cxd4 12. Nbxd4 Nxd3 13. Qxd3 a6 14. Rfe1 Re8 15. a4 Nc5 16. Qd2 b6 17. b4 Ne6 18. Nxe6 Bxe6 19. Nd4 Bc4 20. c3 Qc7 21. f4 e5 22. fxe5 dxe5 23. Nf3 f6 24. Qe3 Red8 25. Red1 Rxd1+ 26. Rxd1 Bb3 27. Ra1 f5 28. Nd2 Bc2 29. a5 f4 30. Qf3 b5 31. Ra2 Ba4 32. c4 Qd7 33. Qc3 Qf7 34. Ra1 g5 35. Bf2 Rd8 36. Bb6 Rc8 37. c5 Qd7 38. h3 h5 39. Rc1 Rc6 40. Nf3 g4 41. Qd2 Qxd2 42. Nxd2 f3 43. Rc3 Bh6 44. Nf1 fxg2 45. Kxg2 Bd1 46. hxg4 hxg4 47. Nh2 Bd2 48. Rd3 Bf3+ 49. Nxf3 gxf3+ 50. Kxf3 Bxb4 51. Rd5 Re6 1/2-1/2